|
|
|
|
| LEADER |
00000naa a2200000uu 4500 |
| 001 |
vtls011057649 |
| 003 |
SK-MaSNL |
| 005 |
20260302134913.0 |
| 008 |
210907|2006 xo |||||||||||||||||slo| |
| 015 |
|
|
|a SNBRA
|
| 035 |
|
|
|a (urnnbn)urn:nbn:sk:snk:ar-a0bzzf
|
| 035 |
|
|
|a (uuid)9037b2aa-367d-4c91-bebd-c546fa491287
|
| 035 |
|
|
|a urn:nbn:sk:snk-aav6l0
|
| 040 |
|
|
|a SNKBUCL
|b slo
|c SNKBUCL
|e AACR2
|
| 041 |
0 |
|
|a slo
|
| 044 |
|
|
|a xo
|c SK
|
| 100 |
1 |
|
|a Košičanová, Danica,
|d 1962-
|4 aut
|9 223332
|
| 245 |
1 |
0 |
|a ANALÝZA DISTRIBUČNÝCH SYSTÉMOV TÚV PRED A PO VYREGULOVANÍ
|c Danica Košičanová
|
| 773 |
0 |
|
|t Vykurovanie 2006
|d Bratislava : Slovenská spoločnosť pre techniku prostredia, 2006
|g S. 518-523
|z 8089216064
|
| 958 |
|
|
|a OND
|
| 958 |
|
|
|a article12
|
| 958 |
|
|
|a chapter
|
| 999 |
|
|
|c 1324721
|d 1326651
|